Liberalizácia severoatlanického leteckého trhu a analýza potenciálu jej rozšírenia o vybrané regióny
História ekonomicko-právnej úpravy severoatlantického leteckého trhu. Počiatky liberalizácie. Dohoda o otvorenom nebi. Genéza vývoja Dohody o otvorenom nebi. Potenciál rozšírenia Otvoreného neba o iné tradičné letecké trhy.
Enregistré dans:
| Auteur principal: | |
|---|---|
| Format: | Chapitre de livre |
| Langue: | slovaque |
| Sujets: | |
| Tags: |
Pas de tags, Soyez le premier à ajouter un tag!
|
MARC
| LEADER | 00000naa a2200000 4500 | ||
|---|---|---|---|
| 001 | 0142363 | ||
| 005 | 20240502072542.0 | ||
| 041 | 0 | |a slo | |
| 044 | |a SK | ||
| 245 | 1 | 0 | |a Liberalizácia severoatlanického leteckého trhu a analýza potenciálu jej rozšírenia o vybrané regióny |c Martin Grančay |
| 520 | |a História ekonomicko-právnej úpravy severoatlantického leteckého trhu. Počiatky liberalizácie. Dohoda o otvorenom nebi. Genéza vývoja Dohody o otvorenom nebi. Potenciál rozšírenia Otvoreného neba o iné tradičné letecké trhy. | ||
| 610 | 2 | 0 | |a doprava letecká medzinárodná |
| 610 | 2 | 0 | |a dohody medzinárodné |
| 610 | 2 | 0 | |a história |
| 610 | 2 | 0 | |a prostredie podnikateľské |
| 610 | 2 | 0 | |a liberalizácia |
| 610 | 2 | 0 | |a konkurencia |
| 100 | 1 | |a Grančay, Martin, 1984-2024 | |